[Event "FRA-ch Youth 2017"]
[Site "Belfort"]
[Date "2017.04.22"]
[Round "8"]
[White "Poulet, Benoit"]
[Black "Cohen Revivo, Shoham"]
[Result "0-1"]
[WhiteElo "1837"]
[BlackElo "2221"]
[Annotator "NA"]
[PlyCount "98"]
[EventDate "2017.??.??"]
[EventCountry "FRA"]
[SourceTitle "playchess.com"]
[Source "ChessBase"]
[SourceQuality "1"]
[TimeControl "5400+30"]

1. e4 {[%emt 0:00:00]} e6 {[%emt 0:00:12]} 2. d4 {[%emt 0:00:00]} d5 {[%emt 0:00:06]} 3. Nc3 {[%emt 0:00:02]} Nf6 {[%emt 0:00:06]} 4. Bg5 {[%emt 0:00:24]} dxe4 {[%emt 0:00:20]} 5. Nxe4 {[%emt 0:00:27]} Be7 {[%emt 0:00:12]} 6. Bxf6 {[%emt 0:00:29]} gxf6 {[%emt 0:00:08]} 7. Nf3 {[%emt 0:00:32]} f5 {[%emt 0:00:06]} 8. Nc3 {[%emt 0:00:20]} a6 {[%emt 0:00:05] C13: French: Classical System: 4 Bg5 Be7, Alekhine-Chatard Attack} 9. Qd2 {[%emt 0:00:59]} (9. Qe2 b5 10. O-O-O b4 11. Na4 Qd5 12. Kb1 Nd7 13. Qe3 Bb7 14. b3 Qe4 15. Qd2 Rg8 16. Rg1 {1-0 (70) Smirin,I (2670)-Gupta,A (2645) Moscow 2017}) 9... Qd6 {[%emt 0:00:41]} 10. Bc4 {[%emt 0:02:20]} b5 {[%emt 0:00:40]} 11. Bb3 {[%emt 0:03:33]} Nd7 {[%emt 0:01:06]} 12. O-O-O {[%emt 0:01:30]} c5 {[%emt 0:01:56]} 13. dxc5 {[%emt 0:04:19]} Qxd2+ {[%emt 0:00:14]} 14. Rxd2 {[%emt 0:02:39]} Nxc5 {[%emt 0:00:07]} 15. Rf1 $146 {[%emt 0:11:48]} (15. Kb1 Rg8 16. Rg1 {0-1 (23) Sameir,R (2070)-Ali Marandi,C (2473) Dubai 2016}) 15... Bb7 {[%emt 0:05:48]} 16. Ne1 {[%emt 0:00:24]} Bf6 {[%emt 0:03:02]} 17. Ne2 {[%emt 0:14:04]} Rc8 {[%emt 0:05:17]} 18. Kb1 {[%emt 0:03:18]} Ke7 {[%emt 0:05:09]} 19. f3 {[%emt 0:02:25]} a5 {[%emt 0:00:07]} 20. c3 {[%emt 0:02:54]} Rhd8 {[%emt 0:01:23]} 21. Rxd8 {[%emt 0:06:12]} Rxd8 {[%emt 0:00:03]} 22. Bc2 {[%emt 0:00:23]} b4 {[%emt 0:04:13]} 23. cxb4 {[%emt 0:04:32]} axb4 {[%emt 0:00:02]} 24. Rf2 {[%emt 0:00:22]} Ba6 {[%emt 0:05:39]} 25. Nc1 {[%emt 0:02:24]} f4 {[%emt 0:06:39]} 26. g3 {[%emt 0:16:01]} h5 {[%emt 0:04:06]} ({Don't do} 26... fxg3 27. hxg3 Rg8 28. Ned3 Bxd3 29. Bxd3) 27. Ng2 {[%emt 0:01:46]} fxg3 {[%emt 0:01:50]} 28. hxg3 {[%emt 0:00:07]} Rg8 {[%emt 0:03:52]} 29. Nf4 {[%emt 0:01:35]} Rxg3 {[%emt 0:01:49]} 30. Nxh5 {[%emt 0:00:43]} Rg1 {[%emt 0:00:15]} 31. Nxf6 {[%emt 0:00:32] [#]} Nd3 $1 {[%emt 0:00:50]} ({Less strong is} 31... Kxf6 32. Rd2 $17) 32. Ng8+ {[%emt 0:03:55]} Kf8 {[%emt 0:00:26]} 33. Bxd3 {[%emt 0:00:21]} Bxd3+ $19 {[%emt 0:00:10]} 34. Rc2 {[%emt 0:00:03]} Kxg8 {[%emt 0:00:39]} 35. b3 {[%emt 0:00:05]} Kg7 {[%emt 0:03:30]} 36. Kb2 {[%emt 0:00:05]} Bxc2 {[%emt 0:00:11]} 37. Kxc2 {[%emt 0:00:01]} Rg2+ {[%emt 0:00:51]} 38. Kd3 {[%emt 0:01:07]} Kf6 {[%emt 0:00:36]} 39. Ke3 {[%emt 0:03:23]} Rc2 {[%emt 0:00:57]} 40. Nd3 {[%emt 0:00:07]} Rxa2 {[%emt 0:00:06]} 41. Nxb4 {[%emt 0:00:04]} Rb2 {[%emt 0:00:10]} 42. Nd3 {[%emt 0:00:04]} Rxb3 {[%emt 0:00:11]} 43. Ke2 {[%emt 0:00:06]} Kf5 {[%emt 0:00:39]} 44. Ke3 {[%emt 0:00:55]} Rxd3+ {[%emt 0:01:44]} 45. Kxd3 {[%emt 0:00:09]} Kf4 {[%emt 0:00:04]} 46. Ke2 {[%emt 0:00:04]} f5 {[%emt 0:00:05]} 47. Kf2 {[%emt 0:00:04]} e5 {[%emt 0:00:05]} 48. Kg2 {[%emt 0:00:07]} Ke3 {[%emt 0:00:06]} 49. Kg3 {[%emt 0:00:02]} f4+ {[%emt 0:00:11]} 0-1

[Event "FRA-ch Youth 2017"]
[Site "Belfort"]
[Date "2017.04.22"]
[Round "8"]
[White "Bellahcene, Anissa"]
[Black "Retailleau, Elise"]
[Result "1-0"]
[WhiteElo "1806"]
[BlackElo "1946"]
[Annotator "NA"]
[PlyCount "61"]
[EventDate "2017.??.??"]
[EventCountry "FRA"]
[SourceTitle "playchess.com"]
[Source "ChessBase"]
[SourceQuality "1"]
[TimeControl "5400+30"]

1. e4 {[%emt 0:00:00]} c5 {[%emt 0:00:15]} 2. c3 {[%emt 0:00:00]} d5 {[%emt 0:00:19]} 3. exd5 {[%emt 0:00:06]} Qxd5 {[%emt 0:00:09]} 4. Na3 {[%emt 0:00:10] B22: Sicilian: 2 c3} (4. d4 e6 5. Nf3 Nf6 6. Na3 Qd8 7. Nc4 Be7 8. Bd3 Nbd7 9. O-O O-O 10. Bf4 b6 11. Nd6 Nh5 12. Be5 Nxe5 13. dxe5 Bxd6 14. exd6 Bb7 15. Re1 Nf6 16. Ne5 g6 17. Bb5 Qc8 {½-½ (61) Adhiban,B (2653)-Van Wely,L (2695) Wijk aan Zee 2017}) 4... Nf6 {[%emt 0:10:04]} 5. Nf3 {[%emt 0:00:31]} Nc6 {[%emt 0:02:13]} 6. Bc4 {[%emt 0:01:44]} Qe4+ {[%emt 0:04:09]} 7. Qe2 $146 {[%emt 0:04:43]} (7. Be2 $1 $14 Bg4 8. O-O O-O-O 9. Re1 Qd5 10. Nc2 e5 11. Ne3 Qd7 12. Nxg4 Nxg4 {1-0 (47) Michalczak,T (2367)-Barskij,A (2000) Dortmund 2010}) 7... Bg4 {[%emt 0:05:40]} 8. Bxf7+ {[%emt 0:03:40]} Kxf7 {[%emt 0:09:25]} 9. Ng5+ {[%emt 0:00:05]} Kg6 {[%emt 0:01:49]} 10. Qxe4+ {[%emt 0:00:19]} Nxe4 {[%emt 0:00:21]} 11. Nxe4 {[%emt 0:00:05]} Bf5 {[%emt 0:01:04]} 12. f3 {[%emt 0:06:26]} Ne5 {[%emt 0:06:36]} 13. d4 {[%emt 0:07:03]} cxd4 {[%emt 0:02:32]} 14. cxd4 {[%emt 0:00:09]} Nc6 {[%emt 0:01:24]} 15. Be3 {[%emt 0:11:00]} Rd8 {[%emt 0:03:09]} 16. Rd1 {[%emt 0:06:14]} e5 {[%emt 0:08:18]} 17. Nc2 {[%emt 0:03:33]} b6 {[%emt 0:07:53]} 18. Ke2 {[%emt 0:13:47]} Bd6 {[%emt 0:06:51]} (18... exd4 $142 19. Nxd4 Nxd4+ 20. Rxd4 Rxd4 21. Bxd4 Bb4) 19. d5 {[%emt 0:04:14]} Ne7 {[%emt 0:02:58]} 20. g4 {[%emt 0:00:39]} Bc8 {[%emt 0:01:05] [#]} 21. Bg5 $1 {[%emt 0:05:12]} Rd7 {[%emt 0:03:38]} 22. Nxd6 $18 {[%emt 0:01:10]} Kxg5 {[%emt 0:01:23]} 23. Nf7+ {[%emt 0:00:04]} Kf6 {[%emt 0:00:27]} 24. Nxh8 {[%emt 0:00:21]} Nxd5 {[%emt 0:00:45]} 25. Kf2 {[%emt 0:04:15]} Rc7 {[%emt 0:03:00]} 26. Ne3 {[%emt 0:01:58]} Nxe3 {[%emt 0:01:03]} 27. Kxe3 {[%emt 0:00:05]} Rc2 {[%emt 0:00:06]} 28. Rc1 {[%emt 0:00:39]} Rxc1 {[%emt 0:00:46]} 29. Rxc1 {[%emt 0:00:04]} Be6 {[%emt 0:00:09]} 30. Rc6 {[%emt 0:00:21]} Ke7 {[%emt 0:00:37]} 31. Rc7+ {[%emt 0:00:13]} 1-0

[Event "FRA-ch Youth 2017"]
[Site "Belfort"]
[Date "2017.04.22"]
[Round "8"]
[White "Aubert, Estee"]
[Black "Djidjeli, Sarah"]
[Result "1-0"]
[WhiteElo "1741"]
[BlackElo "1934"]
[Annotator "NA"]
[PlyCount "105"]
[EventDate "2017.??.??"]
[EventCountry "FRA"]
[SourceTitle "playchess.com"]
[Source "ChessBase"]
[SourceQuality "1"]
[TimeControl "5400+30"]

1. d4 {[%emt 0:00:00]} d5 {[%emt 0:00:05]} 2. Bf4 {[%emt 0:00:00]} c5 {[%emt 0:00:13]} 3. e3 {[%emt 0:00:01]} Nc6 {[%emt 0:00:14]} 4. c3 {[%emt 0:03:05]} Qb6 {[%emt 0:02:01]} 5. Na3 {[%emt 0:12:06] D00: 1 d4 d5: Unusual lines} (5. Qb3 c4 6. Qc2 Nf6 7. Nd2 Nh5 8. Bg3 Nxg3 9. hxg3 e6 10. e4 Bd7 11. Be2 g6 12. Bf3 Ne7 {0-1 (55) Grachev,B (2683)-Potkin,V (2647) Khanty-Mansiysk 2013}) 5... c4 $146 {[%emt 0:04:11]} (5... cxd4 6. exd4 e5 7. dxe5 Bxa3 8. bxa3 Nge7 9. Nf3 Ng6 10. Bg3 Qa5 11. Qd2 O-O 12. Be2 Re8 {½-½ (22) Foglia,M (2135)-Sbarra,M (2236) Saint Vincent 2008}) 6. Qc1 {[%emt 0:09:37]} Bf5 {[%emt 0:10:54]} 7. Nf3 {[%emt 0:05:47]} h6 {[%emt 0:00:56]} 8. Be2 {[%emt 0:01:14]} Nf6 {[%emt 0:00:25]} 9. h3 {[%emt 0:00:23]} e6 {[%emt 0:00:45]} 10. Nc2 {[%emt 0:01:48]} Be7 {[%emt 0:01:04]} 11. Bh2 {[%emt 0:08:37]} Qa5 {[%emt 0:05:37]} 12. O-O {[%emt 0:02:49]} O-O {[%emt 0:00:16]} 13. Nce1 {[%emt 0:05:33]} b5 {[%emt 0:03:28]} 14. b4 {[%emt 0:08:05] [#]} Qb6 $1 {[%emt 0:02:10]} 15. a4 {[%emt 0:05:30]} a5 {[%emt 0:02:11]} 16. axb5 {[%emt 0:01:37]} Qxb5 {[%emt 0:00:18]} 17. bxa5 {[%emt 0:02:09]} Nxa5 {[%emt 0:00:33]} 18. Nd2 {[%emt 0:00:48]} Qb7 {[%emt 0:04:14]} 19. Nef3 {[%emt 0:02:35]} Nb3 {[%emt 0:01:29]} 20. Qb2 {[%emt 0:03:30]} Ne4 {[%emt 0:07:26]} 21. Nxe4 {[%emt 0:03:43]} Bxe4 {[%emt 0:00:30]} 22. Nd2 {[%emt 0:01:22]} Bg6 {[%emt 0:00:51]} 23. e4 {[%emt 0:11:26]} Ba3 {[%emt 0:09:15]} 24. Rxa3 {[%emt 0:01:04]} Rxa3 {[%emt 0:00:08]} 25. Bd6 {[%emt 0:01:31]} Ra7 {[%emt 0:02:06]} 26. Bxf8 {[%emt 0:00:44]} Nxd2 {[%emt 0:00:10]} 27. Qxd2 {[%emt 0:00:10]} Kxf8 {[%emt 0:00:07]} 28. exd5 {[%emt 0:00:31]} exd5 {[%emt 0:00:27]} 29. Bf3 {[%emt 0:00:12]} Ra6 {[%emt 0:02:03]} 30. Re1 {[%emt 0:02:05]} f6 {[%emt 0:01:37]} 31. Qe2 {[%emt 0:00:59]} Rb6 {[%emt 0:00:59]} 32. Kh2 {[%emt 0:01:41]} Bf7 {[%emt 0:03:19]} 33. g3 {[%emt 0:02:11]} Rb3 {[%emt 0:02:20]} 34. Qe3 {[%emt 0:00:17]} Qa7 {[%emt 0:00:53]} 35. Bxd5 {[%emt 0:00:34]} g5 {[%emt 0:04:47]} 36. Bxc4 {[%emt 0:01:26]} Rb7 {[%emt 0:02:02]} 37. Bxf7 {[%emt 0:00:39]} Rxf7 {[%emt 0:00:11]} 38. c4 {[%emt 0:00:45]} Qc7 {[%emt 0:00:34]} 39. c5 {[%emt 0:00:20]} h5 {[%emt 0:01:26]} 40. Kg2 {[%emt 0:01:06]} h4 {[%emt 0:00:24]} (40... Qb7+ $142 41. Qf3 Qxf3+ 42. Kxf3 Rc7) 41. Qe4 {[%emt 0:01:17]} hxg3 {[%emt 0:01:30]} 42. fxg3 {[%emt 0:00:02]} Qa5 {[%emt 0:01:01]} 43. Re2 {[%emt 0:00:25]} Kg8 {[%emt 0:00:39]} 44. c6 {[%emt 0:00:33]} Qb6 {[%emt 0:00:50]} 45. d5 {[%emt 0:00:19]} f5 {[%emt 0:00:06]} 46. Qe8+ {[%emt 0:00:12]} Kg7 {[%emt 0:00:09]} 47. Qe5+ {[%emt 0:00:09]} Kg8 {[%emt 0:00:16]} 48. Rb2 {[%emt 0:00:16]} Qc5 {[%emt 0:02:37]} 49. Rb8+ {[%emt 0:00:32]} Rf8 {[%emt 0:00:17]} 50. Qe6+ {[%emt 0:00:25]} Kg7 {[%emt 0:02:35]} 51. Rb7+ {[%emt 0:00:09]} Kh8 {[%emt 0:00:10]} 52. Qe5+ {[%emt 0:00:05]} Kg8 {[%emt 0:00:09]} 53. Qg7# {[%emt 0:00:04]} 1-0

[Event "FRA-ch Youth 2017"]
[Site "Belfort"]
[Date "2017.04.22"]
[Round "8"]
[White "Mata, Maria"]
[Black "Leriche, Ines"]
[Result "0-1"]
[WhiteElo "1717"]
[BlackElo "2037"]
[Annotator "NA"]
[PlyCount "74"]
[EventDate "2017.??.??"]
[EventCountry "FRA"]
[SourceTitle "playchess.com"]
[Source "ChessBase"]
[SourceQuality "1"]
[TimeControl "5400+30"]

1. e4 {[%emt 0:00:00]} c6 {[%emt 0:00:10]} 2. Nc3 {[%emt 0:00:00]} d5 {[%emt 0:00:11]} 3. Nf3 {[%emt 0:00:20]} Nf6 {[%emt 0:00:24] B11: Caro-Kann: Two Knights Variation} (3... dxe4 4. Nxe4 Nf6 5. Nxf6+ exf6 6. d4 Bd6 7. Be2 O-O 8. O-O Re8 9. c4 Nd7 10. Bd3 Nf8 11. h3 Ng6 12. Qc2 Qa5 13. c5 Bb8 14. Bd2 Qd8 15. Rfe1 Be6 16. Bc4 Nf8 {0-1 (47) Nepomniachtchi,I (2767)-Carlsen,M (2840) Doha 2016}) 4. Qe2 {[%emt 0:15:10]} d4 {[%emt 0:08:31]} 5. Nb1 {[%emt 0:00:13]} Bg4 {[%emt 0:00:37]} 6. d3 {[%emt 0:02:06]} Nbd7 $146 {[%emt 0:02:02]} (6... e5 7. h3 Be6 8. Nbd2 Qc7 9. g3 Be7 10. Bg2 O-O 11. O-O {½-½ (28) Pires,G (2098)-Gomes,B (2262) Porto 2015}) 7. Nbd2 {[%emt 0:04:46]} e5 {[%emt 0:11:31]} 8. h3 {[%emt 0:04:07]} Bxf3 {[%emt 0:01:19]} 9. Nxf3 {[%emt 0:00:11]} Bb4+ {[%emt 0:00:20]} 10. Nd2 {[%emt 0:00:59]} O-O {[%emt 0:01:39]} 11. g3 {[%emt 0:01:06]} Qc7 {[%emt 0:12:38]} 12. Bg2 {[%emt 0:03:44]} b5 {[%emt 0:01:26]} 13. O-O {[%emt 0:03:32]} c5 {[%emt 0:02:10]} 14. f4 {[%emt 0:03:05]} Rac8 {[%emt 0:01:45]} 15. Nf3 {[%emt 0:04:47]} Nh5 {[%emt 0:06:39]} 16. Nxe5 {[%emt 0:21:21]} (16. Qd1 $15) 16... Nxg3 {[%emt 0:08:32]} 17. Qg4 {[%emt 0:00:37]} Nxf1 {[%emt 0:03:12]} 18. Nxd7 {[%emt 0:01:40]} f5 {[%emt 0:04:43]} 19. Qe2 {[%emt 0:11:28]} Qxd7 {[%emt 0:01:51]} 20. Qxf1 {[%emt 0:00:19]} c4 {[%emt 0:03:39]} 21. e5 {[%emt 0:04:35]} Rc7 {[%emt 0:01:37]} 22. a3 {[%emt 0:07:57]} Ba5 {[%emt 0:01:20]} 23. b4 {[%emt 0:04:15]} cxb3 {[%emt 0:01:56]} 24. cxb3 {[%emt 0:00:56]} Rc2 {[%emt 0:02:53]} 25. b4 {[%emt 0:01:33]} Bb6 {[%emt 0:01:36]} 26. Rb1 {[%emt 0:01:23]} Rfc8 {[%emt 0:00:42]} 27. Qd1 {[%emt 0:02:04]} Qf7 {[%emt 0:01:45]} 28. Qf1 {[%emt 0:01:01]} Qa2 {[%emt 0:00:51]} 29. Bb2 {[%emt 0:00:41]} Rxb2 {[%emt 0:01:33]} 30. Bd5+ {[%emt 0:00:12]} Qxd5 {[%emt 0:00:09]} 31. Rxb2 {[%emt 0:00:05]} Qc6 {[%emt 0:01:42]} 32. Kh2 {[%emt 0:00:54]} Qc1 {[%emt 0:01:18]} 33. Qxc1 {[%emt 0:00:37]} Rxc1 {[%emt 0:00:03]} 34. Rb3 {[%emt 0:00:28]} Rc3 {[%emt 0:00:09]} 35. Rb2 {[%emt 0:00:35]} Rxd3 {[%emt 0:00:09]} 36. a4 {[%emt 0:00:33]} bxa4 {[%emt 0:00:13]} 37. Ra2 $19 {[%emt 0:00:06]} a3 {[%emt 0:00:09]} 0-1

[Event "FRA-ch Youth 2017"]
[Site "Belfort"]
[Date "2017.04.22"]
[Round "8"]
[White "Georges, Lisa"]
[Black "Lomandong Noela-Joyce"]
[Result "0-1"]
[WhiteElo "1704"]
[BlackElo "1987"]
[Annotator "NA"]
[PlyCount "130"]
[EventDate "2017.??.??"]
[EventCountry "FRA"]
[SourceTitle "playchess.com"]
[Source "ChessBase"]
[SourceQuality "1"]
[TimeControl "5400+30"]

1. e4 {[%emt 0:00:00]} c5 {[%emt 0:00:02]} 2. Nf3 {[%emt 0:00:00]} d6 {[%emt 0:00:04]} 3. d4 {[%emt 0:00:00]} cxd4 {[%emt 0:00:04]} 4. Nxd4 {[%emt 0:00:00]} Nf6 {[%emt 0:00:05]} 5. Nc3 {[%emt 0:00:00]} g6 {[%emt 0:00:43]} 6. Be3 {[%emt 0:00:39]} Bg7 {[%emt 0:00:05]} 7. f3 {[%emt 0:00:07]} Nc6 {[%emt 0:00:53]} 8. Bc4 {[%emt 0:00:38]} Bd7 {[%emt 0:01:17]} 9. Qd2 {[%emt 0:00:52]} Ne5 {[%emt 0:03:55]} 10. Bb3 {[%emt 0:02:21]} h5 {[%emt 0:05:07]} (10... O-O $11) 11. O-O-O {[%emt 0:02:51]} Rc8 {[%emt 0:00:25]} 12. h3 {[%emt 0:01:24] LiveBook: 5 Games B75: Sicilian Dragon: Yugoslav Attack, Miscellaneous} Qa5 {[%emt 0:05:40]} 13. f4 $146 {[%emt 0:08:27]} (13. g4 b5 14. g5 b4 15. Nb1 Nh7 16. a3 Nc4 17. axb4 Qa1 18. Bxc4 Rxc4 19. c3 O-O {0-1 (38) Bericat,A (2606)-Puoli,H (2181) LADAC email 2006}) 13... Nc4 {[%emt 0:06:07]} 14. Bxc4 {[%emt 0:00:30]} Rxc4 {[%emt 0:00:20]} 15. Nb3 {[%emt 0:01:46]} Qc7 {[%emt 0:05:05]} 16. Bd4 {[%emt 0:10:21]} e5 {[%emt 0:07:45]} 17. Bf2 {[%emt 0:07:47]} (17. Bxa7 $11 Nxe4 18. Nxe4 Rxe4 19. Qxd6 Qxd6 20. Rxd6) 17... Rxc3 {[%emt 0:13:53]} 18. Qxc3 {[%emt 0:03:54]} Qxc3 {[%emt 0:00:09]} 19. bxc3 {[%emt 0:00:03]} Nxe4 {[%emt 0:02:15]} 20. Bxa7 {[%emt 0:01:45]} Bh6 {[%emt 0:04:43]} 21. Kb2 {[%emt 0:03:32]} Bxf4 {[%emt 0:01:40]} 22. Rhe1 {[%emt 0:02:25]} f5 {[%emt 0:02:39]} 23. c4 {[%emt 0:08:47]} Bg3 {[%emt 0:06:51]} (23... Be6 $17 {Threatens to win with ...Kf7.} 24. Rxe4 fxe4 25. Rxd6 Bf5) 24. Re2 {[%emt 0:02:32]} Bc6 {[%emt 0:02:21]} 25. Nd2 {[%emt 0:02:22]} Ke7 {[%emt 0:08:12]} 26. Nxe4 {[%emt 0:02:44]} Bxe4 {[%emt 0:00:09]} 27. Bb6 {[%emt 0:01:42]} Rc8 {[%emt 0:04:29]} 28. Kb3 {[%emt 0:01:24]} Bf4 {[%emt 0:00:38]} 29. Rg1 {[%emt 0:07:58]} Ke6 {[%emt 0:03:13]} 30. Be3 {[%emt 0:06:34]} g5 {[%emt 0:05:34]} 31. Bb6 {[%emt 0:01:01]} Bg3 {[%emt 0:01:16]} 32. Be3 {[%emt 0:01:50]} Bf4 {[%emt 0:02:35]} 33. Bb6 {[%emt 0:00:16]} Rc6 {[%emt 0:01:19]} 34. Bf2 {[%emt 0:00:30]} h4 {[%emt 0:00:51]} 35. Be1 {[%emt 0:13:23]} Rb6+ {[%emt 0:01:40]} 36. Kc3 {[%emt 0:02:06]} d5 {[%emt 0:00:57]} 37. cxd5+ {[%emt 0:00:54]} Bxd5 {[%emt 0:00:07]} 38. Bd2 {[%emt 0:01:25]} Rc6+ $19 {[%emt 0:01:50]} ({Weaker is} 38... Bxa2 39. Bxf4 gxf4 40. Ra1 Rc6+ 41. Kb2 $17) 39. Kb2 Rb6+ {[%emt 0:00:34]} 40. Kc3 {[%emt 0:00:35]} Rc6+ {[%emt 0:01:20]} 41. Kb2 Ra6 {[%emt 0:01:18]} 42. a3 {[%emt 0:00:31]} Rb6+ {[%emt 0:01:05]} 43. Kc3 {[%emt 0:00:09]} Rc6+ {[%emt 0:00:32]} 44. Kb2 e4 {[%emt 0:01:16]} 45. Rd1 {[%emt 0:02:47]} Be5+ {[%emt 0:00:41]} 46. c3 {[%emt 0:01:13]} f4 {[%emt 0:00:38]} 47. Rde1 {[%emt 0:00:35]} Kf5 {[%emt 0:00:31]} 48. Rc1 {[%emt 0:00:52]} Rb6+ {[%emt 0:00:19]} 49. Ka1 {[%emt 0:00:17]} Rb3 {[%emt 0:00:27]} 50. Rc2 {[%emt 0:02:04]} Rxa3+ {[%emt 0:00:15]} 51. Kb2 {[%emt 0:00:04]} Rb3+ {[%emt 0:00:31]} 52. Kc1 {[%emt 0:00:12]} Bc4 {[%emt 0:00:23]} 53. Re1 {[%emt 0:00:20]} e3 {[%emt 0:00:23]} 54. Bxe3 {[%emt 0:00:09]} fxe3 {[%emt 0:00:02]} 55. Rxe3 {[%emt 0:00:05]} Bf4 {[%emt 0:00:07]} 56. Kd2 {[%emt 0:00:56]} Bf1 {[%emt 0:00:25]} 57. Ke1 {[%emt 0:00:23]} Rb1+ {[%emt 0:01:00]} 58. Kf2 {[%emt 0:00:21]} Bc4 {[%emt 0:01:27]} 59. Ree2 {[%emt 0:00:49]} Bxe2 {[%emt 0:00:52]} 60. Kxe2 {[%emt 0:00:14]} Be5 {[%emt 0:00:42]} 61. c4 {[%emt 0:00:17]} Rb3 {[%emt 0:00:12]} 62. c5 {[%emt 0:00:30]} Rg3 {[%emt 0:00:33]} 63. Kf1 {[%emt 0:00:21]} Rc3 {[%emt 0:00:32]} 64. Rb2 {[%emt 0:00:27]} Rc1+ {[%emt 0:00:03]} 65. Ke2 {[%emt 0:00:08]} Bxb2 {[%emt 0:00:03]} 0-1

[Event "FRA-ch Youth 2017"]
[Site "Belfort"]
[Date "2017.04.22"]
[Round "8"]
[White "Randrianarimanana, Alicia"]
[Black "Gospodaru, Teodora"]
[Result "0-1"]
[WhiteElo "1636"]
[BlackElo "1827"]
[Annotator "NA"]
[PlyCount "110"]
[EventDate "2017.??.??"]
[EventCountry "FRA"]
[SourceTitle "playchess.com"]
[Source "ChessBase"]
[SourceQuality "1"]
[TimeControl "5400+30"]

1. d4 {[%emt 0:00:00]} Nf6 {[%emt 0:00:05]} 2. Nf3 {[%emt 0:00:00]} g6 {[%emt 0:00:06]} 3. Nc3 {[%emt 0:00:00]} Bg7 {[%emt 0:00:08]} 4. e4 {[%emt 0:00:00]} d6 {[%emt 0:01:11]} 5. h3 {[%emt 0:00:03]} O-O {[%emt 0:00:39]} 6. Be3 {[%emt 0:00:05]} Nbd7 {[%emt 0:00:42]} 7. e5 {[%emt 0:00:26] B08: Pirc Defence: Classical System} (7. Bc4 Ne8 8. O-O c6 9. a4 d5 10. Bb3 dxe4 11. Nxe4 Nd6 12. Ng3 b6 13. Re1 Bb7 14. Bg5 Nf6 15. Qe2 {½-½ (104) Barua,D (2532)-Dzhumaev,M (2520) Pune 2004}) 7... dxe5 {[%emt 0:00:44]} 8. dxe5 {[%emt 0:00:06]} Ne8 {[%emt 0:00:47]} 9. e6 {[%emt 0:10:46]} fxe6 {[%emt 0:00:06]} 10. Ng5 {[%emt 0:00:05]} Bxc3+ {[%emt 0:00:07]} 11. bxc3 {[%emt 0:00:05]} Ng7 {[%emt 0:00:09]} 12. Bc4 {[%emt 0:13:23]} ({But not} 12. Qd4 Nf5 13. Qa4 Nb6 14. Bxb6 cxb6 $11) 12... Ne5 $146 {[%emt 0:05:16]} (12... Nb6 13. Bb3 Nd5 14. Bd4 Qd6 {1-0 (57) Naundorf,M (2075)-Schultz,B (1717) Dortmund 2005}) 13. Bb3 {[%emt 0:00:26]} Qxd1+ {[%emt 0:18:05]} 14. Rxd1 {[%emt 0:00:04]} Nc6 {[%emt 0:00:23]} 15. O-O {[%emt 0:01:38]} b6 {[%emt 0:08:15]} 16. Rfe1 {[%emt 0:03:00]} h6 {[%emt 0:08:07]} 17. Nf3 {[%emt 0:00:05]} Kh7 {[%emt 0:00:26]} (17... Rxf3 $11 18. gxf3 Ne5) 18. Bc1 {[%emt 0:06:30]} Na5 {[%emt 0:06:10]} 19. Nd4 {[%emt 0:10:11]} Rd8 {[%emt 0:06:24]} 20. Nb5 {[%emt 0:06:48]} Rxd1 {[%emt 0:02:10]} 21. Rxd1 {[%emt 0:00:00]} a6 {[%emt 0:00:22]} 22. Nd4 $2 {[%emt 0:07:42]} (22. Nxc7 $16 {stays on course.} Ra7 23. Bf4) 22... c5 {[%emt 0:00:38]} 23. Nf3 {[%emt 0:00:54]} c4 {[%emt 0:00:31]} 24. Ba3 {[%emt 0:02:49]} cxb3 {[%emt 0:00:37]} 25. cxb3 {[%emt 0:00:02]} Nc6 {[%emt 0:00:53]} 26. Nd4 {[%emt 0:01:11]} Nxd4 {[%emt 0:00:35]} 27. Rxd4 {[%emt 0:00:01]} Nf5 {[%emt 0:04:54]} 28. Rd8 {[%emt 0:00:20]} b5 {[%emt 0:08:41]} 29. g4 {[%emt 0:00:53]} Nd6 {[%emt 0:00:28]} 30. Bxd6 {[%emt 0:03:30]} exd6 {[%emt 0:00:06]} 31. Rxd6 {[%emt 0:00:04]} Ra7 {[%emt 0:00:11]} 32. Rc6 {[%emt 0:04:45]} Bd7 {[%emt 0:00:41]} 33. Rd6 {[%emt 0:00:12]} Kg7 34. Kf1 {[%emt 0:00:10]} Kf6 {[%emt 0:01:09]} 35. h4 {[%emt 0:03:00]} Ke7 {[%emt 0:02:07]} 36. Rd3 {[%emt 0:04:12]} Bc6 {[%emt 0:02:17]} 37. g5 {[%emt 0:01:34]} h5 {[%emt 0:00:42]} 38. Rd4 {[%emt 0:01:29]} e5 {[%emt 0:01:35]} 39. Rd2 {[%emt 0:00:30]} Rd7 {[%emt 0:02:52]} 40. Ke2 {[%emt 0:03:12]} Rxd2+ {[%emt 0:02:14]} 41. Kxd2 {[%emt 0:00:01]} Ke6 {[%emt 0:00:22]} 42. Kd3 {[%emt 0:00:38]} Kd5 {[%emt 0:01:08]} 43. f3 {[%emt 0:02:14]} Kc5 {[%emt 0:01:15]} 44. Ke3 {[%emt 0:00:13]} a5 {[%emt 0:00:32]} 45. f4 {[%emt 0:09:32]} exf4+ {[%emt 0:00:13]} 46. Kxf4 {[%emt 0:00:02]} Bd7 {[%emt 0:00:55]} 47. Ke3 {[%emt 0:00:38]} Bf5 {[%emt 0:00:11]} 48. Kf4 {[%emt 0:04:34]} Bb1 {[%emt 0:00:12]} 49. a3 {[%emt 0:01:11]} Bc2 {[%emt 0:00:24]} 50. c4 {[%emt 0:02:51]} Bxb3 {[%emt 0:00:24]} 51. Ke3 {[%emt 0:01:37]} bxc4 {[%emt 0:00:13]} 52. Kd2 {[%emt 0:00:09]} Kd4 {[%emt 0:00:04]} 53. Kc1 {[%emt 0:00:48]} Ke4 {[%emt 0:00:10]} 54. Kb2 {[%emt 0:00:18]} a4 {[%emt 0:00:07]} 55. Kc3 {[%emt 0:00:24]} Kf4 {[%emt 0:00:04]} 0-1